Vida y ministerio de Cristo / Weldom Viertel ; traducido por Rubén O. Zorzoli (Registro nro. 44710)
[ vista simple ]
| 000 -LÍDER | |
|---|---|
| Campo fijo de descripción fija | 011860000a22002410004500 |
| 001 - NÚMERO DE CONTROL | |
| Campo de control | 18249 |
| 020 ## - NÚMERO INTERNACIONAL NORMALIZADO PARA LIBROS | |
| Número Internacional Normalizado del libro | 0-311-04356-9 |
| 041 0# - CÓDIGO DE IDIOMA | |
| Código de idioma para texto/pista de sonido o título separado | |
| 082 04 - NÚMERO DE CLASIFICACIÓN DECIMAL DEWEY | |
| Número de clasificación | G 232 V665v |
| 100 1# - ASIENTO PRINCIPAL--NOMBRE PERSONAL | |
| Nombre personal | Viertel, Weldon E. |
| 245 10 - TÍTULO | |
| Título del Material | Vida y ministerio de Cristo / Weldom Viertel ; traducido por Rubén O. Zorzoli |
| 250 ## - MENCIÓN DE EDICIÓN | |
| Mención de edición | 2 |
| 260 ## - PUBLICACIÓN, DISTRIBUCIÓN, ETC. (PIE DE IMPRENTA) | |
| Lugar de publicación, distribución, etc. | El Paso , EE.UU : Casa Bautista de Publicaciones |
| 300 ## - DESCRIPCIÓN FÍSICA | |
| Extensión | 190 p. |
| 336 ## - CONTENT TYPE | |
| Content type term | texto |
| Content type code | txt |
| Source | rdacontent |
| 337 ## - MEDIA TYPE | |
| Source | rdamedia |
| Media type term | sin mediación |
| Media type code | n |
| 338 ## - CARRIER TYPE | |
| Source | rdacarrier |
| Carrier type term | volumen |
| Carrier type code | nc |
| 501 ## - NOTA DE “CON” | |
| Nota de Contenido | rústico |
| 500 ## - NOTA GENERAL | |
| Nota General | Publicado originalmente en inglés |
| 505 00 - NOTA DE CONTENIDO | |
| Nota de contenido con formato preestablecido | Introducción a los Sinópticos - El nacimiento y la niñez de Jesús - El ministerio temprano de Jesús - Enseñanzas en cuanto a la conducta y el servicio - Las parábolas y los milagros de Jesús - Asuntos referentes a la identidad de Cristo - La naturaleza del Mesías - Las narraciones del viaje en Lucas - Continuación del viaje a Jerusalén - Eventos y Enseñanzas en Jerusalén - Ante la cruz - La cruxixión y la resurrección de Jesús - Apéndice - Bibliografía recomendada |
| 650 14 - ASIENTO SECUNDARIO DE MATERIA - TERMINO TEMÁTICO | |
| Término temático o nombre geográfico como elemento de entrada | JESUCRISTO \ BIBLIA N.T. - MARCOS - CRITICA E INTERPRETACION |
| 942 ## - TIPO DE MATERIAL (KOHA) | |
| Tipo de Item KOHA | Libros General |
| Estado de Material | Estado de Perdido | Estado de Dañado | No para Préstamo | Colección | Tomo | Biblioteca de Origen | Biblioteca Permanente | Fecha de Adquisición | Total de Préstamos | Signatura Topográfica | Código de Barras | Última vez visto | Ejemplar/Existencia | Fecha de Remplazo | Tipo de Material |
|---|---|---|---|---|---|---|---|---|---|---|---|---|---|---|---|
| Colección General | Biblioteca FUSBC | Biblioteca FUSBC | 15/04/2014 | G 232 V665v | 18274 | 12/12/2019 | 1 | 26/01/2016 | Libros General |
